LEADER 00564nab a2200145 i 4500 001 000000274800 003 CaOOAMICUS 005 20110221000000.0 008 110221n xx uu u0 0und r 013 $a23655 040 $aSeMil$bita 245 10$a[SENZA TITOLO]. - [32] c. - In copertina :$bServizi disponibili in rete. 500 $a18 febbraio 2011 [N. 1896]. 773 0 $t[2011.$dRoma : Società per l'Informazione Religiosa (SIR), stampa 2011.$w()196155 996 $6245$a[SENZA TITOLO]. - [32] c. - In copertina :$bServizi disponibili in rete.$9(OLS)http://semarc/title/361056 LEADER 01211nam a2200277 i 4500 001 000000049358 003 CaOOAMICUS 005 20080313000000.0 008 080313s1981 it u000 u ita u 013 $a20528 040 $aSeMil$bita 100 1 $aPato?ka, Jan,$d<1907-1977>.$0(OLS)http://semarc/name/24446 240 10$aKacirské eseje o filosofii dejin.$0(OLS)http://semarc/title/75013 245 10$aSaggi eretici sulla filosofia della storia /$cJan Patocka ; Introduzione di Václav Belohradsky. 260 $aBologna :$bCSEO,$cCopyr. 1981. 300 $a190 p. ;$c21 cm. 490 0 $aCSEO biblioteca. Tracce 500 $aContiene : Appendice, Nota bibliografica. - Fondo Conti. 650 4$aFilosofia della storia.$0(OLS)http://semarc/subject/1960 700 1 $aBelohradsky, Václav.$0(OLS)http://semarc/name/24447 830 0$aCSEO biblioteca. Tracce.$0(OLS)http://semarc/title/18890 850 $aSeMil 852 $aSeMil$W1$xVenegono$y1$m2R III 261$j15513$B15513$CSeMilBibl$Z2$F15513 $81 961 $aOmaggio: Conti Franco 996 $6245$aSaggi eretici sulla filosofia della storia$9(OLS)http://semarc/title/75012 996 $6260$aBologna :$bCSEO$9(OLS)http://semarc/publisher/30794 LEADER 01268nam a2200277 i 4500 001 000000066789 003 CaOOAMICUS 005 20260409123412.0 008 140703s1977 it u000 u ita u 013 $a37961 040 $aSeMil$bita 100 1 $aTaylor, Vincent.$0(OLS)http://semarc/name/32606 240 14$aThe Gospel according to st. Mark.$0(OLS)http://semarc/title/106281 245 10$aMarco :$bcommento al Vangelo messianico /$cVincent Taylor : presentazione all'edizione italiana di Bruno Maggioni. 260 $aAssisi :$bCittadella,$c1977. 300 $aIX, 761 p. ;$c20 cm. 490 1 $aCommenti e studi biblici 650 4$aBibbia. Nuovo Testamento. Vangelo secondo Marco - Commentari, studi, critica, interpretazioni.$0(OLS)http://semarc/subject/143 700 1 $aMaggioni, Bruno,$d<1932-2020>.$0(OLS)http://semarc/name/4235 830 0$aCommenti e studi biblici .$0(OLS)http://semarc/title/459005 850 $aSeMil 852 $aSeMil$W1$xVenegono$y1$m2YA Z 22$j269957$B32942$CSeMilBibl$Z2$F32945 $81 961 $aOmaggio: Donazione 996 $6245$aMarco :$bcommento al Vangelo messianico$9(OLS)http://semarc/title/106280 996 $6260$aAssisi :$bCittadella$9(OLS)http://semarc/publisher/29661